| 000 | 00714cam a2200229 4500 | ||
|---|---|---|---|
| 001 | M88792 | ||
| 008 | 090401t1932 xxu||||| |||| 00| 0 eng d | ||
| 035 | _a(Sirsi) u83182 | ||
| 041 | _aeng | ||
| 050 | _a333.0023 | ||
| 110 |
_aChartered Surveyors' Institution _92274 |
||
| 245 | 4 | _aThe chartered surveyor : his training and his work, with a foreward by the Rt. Hon. Winston Churchill M.P. | |
| 260 |
_aLondon _bChartered Surveyors` Institution _c1932 |
||
| 300 | _a27p. ; 21cm. | ||
| 350 | _a0 | ||
| 650 | _aABOUT RICS-RICS MEMBERS | ||
| 650 | _aRICS | ||
| 650 | _aCAREERS, EDUCATION AND TRAINING | ||
| 690 | _aMANAGEMENT-BUSINESS MANAGEMENT-PROFESSIONAL PRACTICE | ||
| 942 | _n0 | ||
| 948 | _c20/01/1998 | ||
| 999 |
_c96871 _d96871 |
||